إدارة الجودة الشاملة وإستراتيجية المؤسسة دراسة ميدانية لمؤسسة سونلغاز /
Saved in:
| Main Author: | |
|---|---|
| Other Authors: | |
| Format: | Thesis |
| Language: | Arabic |
| Published: |
Masilah :
Jami'at Muhammad Budiyaf,
2009
|
| Subjects: | |
| Tags: |
Add Tag
No Tags, Be the first to tag this record!
|
| LEADER | 014810000a22002890004500 | ||
|---|---|---|---|
| 008 | 130920s2009 ye a f 000 0 ara d | ||
| 040 | |a UIAM |b eng | ||
| 041 | |a ara | ||
| 050 | 0 | 0 | |a LB2806 |
| 100 | 1 | |a عيد، ختيم محمد | |
| 242 | 1 | 0 | |a Idarat al-jawdah al-shamilah wa-istiratijiyah al-mu'assasah dirasat maydaniyah li-muassasah Sunilghaz |
| 245 | 1 | 0 | |a إدارة الجودة الشاملة وإستراتيجية المؤسسة دراسة ميدانية لمؤسسة سونلغاز / |c إعداد، ختيم محمد العيد |
| 260 | |a Masilah : |b Jami'at Muhammad Budiyaf, |c 2009 | ||
| 300 | |a various paging ; |c 30 cm. | ||
| 500 | |a "رسالة مقدمة لنيل درجة الماجستير في إستراتيجية" --On t.p. | ||
| 502 | |a Thesis (M.A.)--Jami'at Muhammad Budiyaf, 2009. | ||
| 504 | |a Includes bibliographical references. | ||
| 596 | |a 1 4 | ||
| 650 | 0 | |a Total quality management in education | |
| 650 | 0 | |a School management and organization | |
| 655 | |a Theses, Facsimile edition (Islamic) | ||
| 700 | 1 | |a 'Id, Khatim Muhammad | |
| 900 | |a arf-ls | ||
| 999 | |c 437526 |c 437526 |d 469343 |d 469343 | ||
| 999 | |c 437526 |c 437526 |d 469343 |d 469343 | ||
| 952 | |0 0 |6 TI LB 002806 I18I 2009 |7 0 |8 THESES |9 758480 |a IIiBFL |b IIiBFL |c CLOSEACCES |g 0.00 |o ti LB 2806 I18I 2009 |p 00011285476 |r 2017-11-01 |t 1 |v 0.00 |y THESIS | ||
| 952 | |0 0 |6 TI LB 002806 I18I 2009 |7 0 |8 THESES |9 758481 |a IIUM |b IIUM |c MULTIMEDIA |g 0.00 |o ti LB 2806 I18I 2009 |p 00011253433 |r 2017-10-23 |t 2 |v 0.00 |y THESIS | ||
